000 00317nam a22001337a 4500
008 180116b xxu||||| |||| 00| 0 eng d
020 _a9781888799033
041 _aeng
080 _a159.9 RUM
100 _a48
101 _aPSI
245 _aEmployment issues and multiple sclerosis
_cRumrill,P.D
942 _2udc
_cBK
999 _c40339
_d40339